000 00460nab a2200145Ia 4500
003 ES-SlBCS
005 20210601130453.0
008 140529s1954 xxu||||| |||| 00| 0 fre d
041 _afre
100 1 _aBoyer, Charles
_98871
245 0 0 _aEternité et création dans les derniers livres des Confessions
_c Charles Boyer
600 0 4 _aAgustín, San
_9126082
773 0 _tGiornali di Metafisica
_gvol. 9, nº. 4-5, 1954, págs. 441-448
_w0017-0372
942 _cAR
999 _c547209
_d547209